000 00320nam a2200133Ia 4500
008 151213s9999 xx 000 0 und d
100 _aB . R. Mullik
245 _aStudies in Poets Keats
_cB . R. Mullik
260 _aAgra
_b-
_c1970
300 _a1861 p.
650 _aEnglish
700 _aB . R. Mullik
999 _c1366
_d1366